LEADER 00883nam0 2200289 450 001 000021594 005 20090115124715.0 010 $a0070854645 100 $a20090115d1977----km-y0itay50------ba 101 0 $aeng 102 $aJP 105 $ay-------001yy 200 1 $aEconometrics$fG. S. Maddala 205 $aInternational student ed 210 $aTokyo [etc.]$cMcGraw-Hill Kogakusha$dc1977 215 $aXII, 516 p.$d21 cm 225 2 $aEconomics handbook series 410 0$12001$aEconomics handbook series 500 10$aEconometrics$946574 610 1 $aEconomia matematica 676 $a330.015195$v20$9Economia. Matematica statistica 700 1$aMaddala,$bGangadharrao Soundaryarao$0438029 801 0$aIT$bUNIPARTHENOPE$c20090115$gRICA$2UNIMARC 912 $a000021594 951 $a212/21$b264$cNAVA2$d2009 996 $aEconometrics$946574 997 $aUNIPARTHENOPE LEADER 01077cam2 2200265 450 001 E600200064693 005 20220705090221.0 100 $a20100615d1972 |||||ita|0103 ba 101 $ager 102 $aNL 200 1 $a<<4: >>Ideen zu einer reinen Phänomenologie und phänomenologischen Philosophie$e2. Buch$ePhänomenologische Untersuchungen zur Konstitution$fEdmund Husserl$gneu hrsg. von Marly Biemel 210 $aDen Haag$cMartinus Nijhoff$d1972 215 $aXX, 426 p.$d25 cm 461 1$1001E600200064519$12000 $aGesammelte Werke 700 1$aHusserl$b, Edmund$3AF00004903$4070$035554 702 1$aBiemel, Marly$3A600200061552$4070 801 0$aIT$bUNISOB$c20220705$gRICA 850 $aUNISOB 852 $aUNISOB$j100|Coll|56|K$m61596 912 $aE600200064693 940 $aM 102 Monografia moderna SBN 941 $aM 957 $a100|Coll|56|K$b000012$i-2$gSi$d61596$racquisto$1beth$2UNISOB$3UNISOB$420100615094143.0$520220705084818.0$6Alfano 996 $aIdeen zu einer reinen Phänomenologie und phänomenologischen Philosophie$930022 997 $aUNISOB